Massachusetts lawyers weekly

Detalles Bibliográficos
Formato: Electrónico Revista
Lenguaje:inglés
Publicado: Boston, Mass. : Lawyers Weekly Publications
Materias:
Acceso en línea:Full text available from Research Library: 08/10/2012 to 7 days ago

MARC

LEADER 00000nas a22000007i 4500
001 ssj0038859
003 WaSeSS
005 20200512172242.0
006 m d
007 cr n
008 990414c19729999mauwr pss g 0 a0eng
010 |a  2016203447 
022 |a 2474-6711  |y 0196-7509 
035 |a (WaSeSS)ssj0038859 
040 |a SLA  |b eng  |c SLA  |d OCLCQ  |d CUD  |d OCLCQ  |d OCLCF  |d OCLCO  |d OCLCQ  |d DLC  |d ZAC  |d OCLCA  |d WaSeSS 
042 |a pcc  |a nsdp 
043 |a n-us-ma 
050 4 |a K13  |b .A884 
082 1 0 |a 349  |2 23 
082 0 4 |a 349.744/05 
222 0 |a Massachusetts lawyers weekly  |b (Online) 
245 0 0 |a Massachusetts lawyers weekly  |h [electronic resource]. 
246 1 |a Lawyers weekly 
260 |a Boston, Mass. :  |b Lawyers Weekly Publications 
310 |a Weekly 
362 1 |a Print began in 1972. 
506 |a License restrictions may limit access. 
588 |a Description based on: Volume 20, issue no. 20 (January 2, 2012); title from PDF caption (Bridge Tower Media website, viewed on October 14, 2016). 
588 |a Latest issue consulted: Volume 45, issue no. 41 (October 10, 2016) (viewed on October 14, 2016). 
650 0 |a Law  |z United States  |v Periodicals. 
650 0 |a Law  |z Massachusetts  |v Periodicals. 
650 7 |a Law.  |2 fast  |0 (OCoLC)fst00993678 
651 7 |a Massachusetts.  |2 fast  |0 (OCoLC)fst01204307 
651 7 |a United States.  |2 fast  |0 (OCoLC)fst01204155 
655 0 |a Electronic journals. 
776 0 8 |i Print version:  |t Massachusetts lawyers weekly  |x 0196-7509  |w (DLC) 80640332  |w (OCoLC)5877581 
856 4 0 |z Full text available from Research Library: 08/10/2012 to 7 days ago  |u https://search.proquest.com/publication/2026480